| 000 | 00441nam a2200145 i 4500 | ||
|---|---|---|---|
| 001 | 20023 | ||
| 003 | ES-MaACL | ||
| 007 | t| | ||
| 008 | 021112s1891 sp ||||1| spa d | ||
| 100 | 1 |
_aDesconocido, Un. _943864 |
|
| 245 | 1 | 0 |
_aCuatro palabras sobre el nuevo arreglo parroquial de Madrid / _cpor un desconocido. |
| 260 |
_aMadrid : _b[s.n.], _c1891 ( _fEstab. tip. de G. Juste) |
||
| 300 |
_a40 p. ; _c22 cm. |
||
| 852 |
_aES-MaACL _jT-545-F-5 |
||
| 999 |
_c20023 _d20023 |
||